000 00812nam a22002177a 4500
999 _c13858
_d13858
003 AR-CdUCM
008 190416b ||||| |||| 00| 0 spa d
040 _aMUNICIPALIDAD PROVINCIAL DEL CUSCO
_cBIBLIOTECA MUNICIPAL DEL CUSCO
041 _hfre
082 _a551.44 /
_bT82
100 _aTrombe, Félix
_932443
245 _aLa espeleología /
260 _aBarcelona :
_bOikos-Tau,
_c1974.
300 _a124 páginas ;
_bfiguras, tablas,
_c17 cm.
440 _aColección ¿Qué és?.
_n106
_932444
505 _aContenido: El ambito del espeleólogo -- La exploración -- Los múltiples intereses de las exploraciones subterráneas -- Balance de la espeleología.
650 _aEspeleología
_932445
700 _aFerrer, Alexandre (traducción)
_924006
942 _2ddc
_cLIBROS
945 _aachl
_d2019-04-16